Attitude measurement for marketing strategies

Kaydedildi:
Detaylı Bibliyografya
Yazar: Hughes, G. David
Materyal Türü: Kitap
Dil:Undetermined
Baskı/Yayın Bilgisi: London Scott, Foresman and Company 1971
Konular:
Etiketler: Etiketle
Etiket eklenmemiş, İlk siz ekleyin!
Thư viện lưu trữ: Trung tâm Học liệu Trường Đại học Cần Thơ
LEADER 00502nam a2200181Ia 4500
001 CTU_68957
008 210402s9999 xx 000 0 und d
082 |a 658.8 
082 |b H893 
100 |a Hughes, G. David 
245 0 |a Attitude measurement for marketing strategies 
245 0 |c G. David Hughes 
260 |a London 
260 |b Scott, Foresman and Company 
260 |c 1971 
650 |a Attitude,Marketing 
904 |i Mai Loan 
980 |a Trung tâm Học liệu Trường Đại học Cần Thơ